| 000 | 00690nam a2200265Ia 4500 | ||
|---|---|---|---|
| 005 | 20260324153350.0 | ||
| 008 | 008 260324s9999 xx 000 0 eng d | ||
| 020 | _a9780443187070 | ||
| 037 | _aEBOOK | ||
| 040 | _aCRL | ||
| 040 | _beng | ||
| 040 | _cCRL | ||
| 041 | _2eng | ||
| 041 | _aeng | ||
| 084 | _qCRL | ||
| 100 | _aRajib Shaw | ||
| 245 | 0 | _aClimate Change, Community Response and Resilience: Insight for Socio-Ecological Sustainability | |
| 260 | _bElsevier | ||
| 260 | _c2023 | ||
| 650 | _aEarth and Planetary Sciences | ||
| 856 | _uhttps://www.sciencedirect.com/science/book/9780443187070 | ||
| 942 | _cEBOOK | ||
| 999 |
_c1842640 _d1842640 |
||